Central Library OPAC University of Rajshahi

Availability and rational utilization of Fisheries resources of the chalan Beel / (Record no. 75705)

MARC details
000 -LEADER
fixed length control field 01049ntm a2200253 a 4500
001 - CONTROL NUMBER
control field 75705
003 - CONTROL NUMBER IDENTIFIER
rucl marc code BD-RjUL
005 - DATE AND TIME OF LATEST TRANSACTION
control field 20211209082729.0
008 - FIXED-LENGTH DATA ELEMENTS--GENERAL INFORMATION
fixed length control field 190523s2016 bg a|||| bm|| 00| 0 eng d
035 ## - SYSTEM CONTROL NUMBER
System control number (BD-RjUL)75924
040 ## - CATALOGING SOURCE
Original cataloging agency BD-RjUL
Language of cataloging eng
Transcribing agency BD-RjUL
Modifying agency BD-RjUL
041 ## - LANGUAGE CODE
Language code of text/sound track or separate title eng
082 ## - DEWEY DECIMAL CLASSIFICATION NUMBER
Edition number 23
Classification number 333.950954924
Author mark and year KOA 2016
100 1# - MAIN ENTRY--PERSONAL NAME
Personal name Kostori, Mosammat Fahmida Akhter
9 (RLIN) 231865
245 10 - TITLE STATEMENT
Title Availability and rational utilization of Fisheries resources of the chalan Beel /
Statement of responsibility, etc. by Mosammat Fahmida Akhter Kostori ;
Linkage Supervisor: M. Nazrul Islam ; Co-Supervisor: Selina Parween
260 ## - PUBLICATION, DISTRIBUTION, ETC. (IMPRINT)
Place of publication, distribution, etc. Rajshahi :
Name of publisher, distributor, etc. Institute of Environmental Science, R. U. ,
Date of publication, distribution, etc. 2016
300 ## - PHYSICAL DESCRIPTION
Pagination xxviii, 252 leaves :
Illustrations Ill. ;
Size 29 cm.
502 ## - DISSERTATION NOTE
Dissertation note Thesis (Ph. D.) -- Institute of Environmental Science, R. U. , 2016
504 ## - BIBLIOGRAPHY, ETC. NOTE
Bibliography, etc References: Leaves 207-221
650 ## - SUBJECT ADDED ENTRY--TOPICAL TERM
Topical term or geographic name as entry element Fishery resources
General subdivision Economic aspects
Geographic subdivision Bangladesh
-- Chalan Beel
9 (RLIN) 231866
700 ## - ADDED ENTRY--PERSONAL NAME
Personal name Islam, M. Nazrul, Supervisor
Personal name Parween, Selina, Co-Supervisor
942 ## - ADDED ENTRY ELEMENTS (KOHA)
Source of classification or shelving scheme Dewey Decimal Classification
Koha item type Theses
Holdings
Lost status Source of classification or shelving scheme Damaged status Not for loan Collection code Permanent Location Current Location Shelving location Date acquired Source of acquisition Total Checkouts Full call number Date last seen Copy number Koha item type
  Dewey Decimal Classification   Not For Loan Theses Central Library, University of Rajshahi Central Library, University of Rajshahi Documentation Section 10/11/2016 Controller of Examination Office, R. U.   THE 333.950954924 KOA 2016 23/05/2019 C-1 Theses